000 00473nam a2200181Ia 4500
008 191123s9999 xx 000 0 und d
020 _a9780070581579
041 _a39+IR
041 _aEnglish
082 _a(079.1) LAX
100 _aLaxmikanth (M)
245 0 _aIndian Polity: For Civil Services Examinations
250 _n5
260 _bMcraw Hill Education (India) Private Limited
_c2017
365 _b675
_dRupees
650 _aCompetitive Exams
942 _cBK
999 _c87452
_d87452